[Event "VR-2010-0-00002"]
[Site "LSS email"]
[Date "2010.10.16"]
[Round "?"]
[White "Buschmann, Andrew"]
[Black "Holmquist, Marson C"]
[Result "1-0"]
[WhiteElo "1693"]
[BlackElo "491"]
[PlyCount "57"]
[EventDate "2010.09.13"]
[EventType "tourn (corr)"]
[EventRounds "10"]
[EventCountry "GER"]
[SourceTitle "Telechess CBM 143"]
[Source "ChessBase"]
[SourceDate "2011.07.15"]
[SourceVersion "1"]
[SourceVersionDate "2011.07.15"]
[SourceQuality "1"]

1. d4 d5 2. c4 e6 3. Nf3 c6 4. Bf4 Bb4+ 5. Nc3 b6 6. e3 Nf6 7. Bd3 Ne4 8. Qc2 0-0 9. 0-0 Nd7 10. Nxe4 dxe4 11. Bxe4 f5 12. Bxc6 Rb8 13. Bxb8 Nf6 14. Ne5 Ba6 15. Bxa7 Qc7 16. Bxb6 Qxb6 17. c5 Qc7 18. Rfc1 Ng4 19. Nxg4 Qxc6 20. Ne5 Qd5 21. a3 Bb7 22. c6 Ba8 23. axb4 Qb5 24. Rxa8 Rxa8 25. h3 Qxb4 26. c7 Rc8 27. Qc4 Qb7 28. Qxe6+ Kf8 29. Qf7# 1-0

[Event "VR-2010-0-00002"]
[Site "LSS email"]
[Date "2010.10.16"]
[Round "?"]
[White "Thomas, Gerald K"]
[Black "Buschmann, Andrew"]
[Result "1-0"]
[WhiteElo "1186"]
[BlackElo "1693"]
[PlyCount "29"]
[EventDate "2010.09.13"]
[EventType "tourn (corr)"]
[EventRounds "10"]
[EventCountry "GER"]
[SourceTitle "Corr 2015"]
[Source "ChessBase"]
[SourceDate "2015.07.17"]
[SourceVersion "1"]
[SourceVersionDate "2015.07.17"]
[SourceQuality "1"]

1. d4 d5 2. c4 Nf6 3. Nf3 e6 4. Nc3 Be7 5. cxd5 Nxd5 6. e4 Nxc3 7. bxc3 0-0 8. Bc4 c5 9. 0-0 Nd7 10. Bf4 Nf6 11. Re1 Qa5 12. d5 Qxc3 13. Rc1 Qa5 14. d6 Rd8 15. Bd2 1-0